Entry Nombre personal
001 - NÚMERO DE CONTROL
- campo de control: 133597
003 - IDENTIFICADOR DE NÚMERO DE CONTROL
- campo de control: SpMaBN
005 - FECHA Y HORA DE LA ÚLTIMA TRANSACCIÓN
- campo de control: 20250213163007.0
008 - ELEMENTOS DE DATO DE LONGITUD-FIJA
- campo de control de longitud fija: 931104n| azznnaabn |a aaa
016 ## - NÚMERO DE CONTROL DE UNA AGENCIA BIBLIOGRÁFICA NACIONAL
- Número de control del registro: BNE19932090494
024 7# - IDENTIFICADOR DE OTROS ESTÁNDARES
- Número estándar o código: http://viaf.org/viaf/87852296/
- Fuente: viaf
024 8# - IDENTIFICADOR DE OTROS ESTÁNDARES
- Número estándar o código: https://data.cervantesvirtual.com/person/66759
040 ## - FUENTE DE CATALOGACIÓN
- Centro catalogador/agencia de origen: SpMaBN
- Lengua de catalogación: spa
- Centro/agencia transcriptor: SpMaBN
- Normas de descripción: rdc
- Convención/Normas de encabezamiento de materia/tesauro: embne
046 ## - FECHAS CON CODIFICACIÓN ESPECIAL
- Fecha de nacimiento: 1831
- Fecha de la muerte: 1897
100 1# - ENCABEZAMIENTO-NOMBRE DE PERSONA
- Nombre de persona: Velasco y Santos, Miguel,
- Fechas asociadas al nombre: 1831-1897
370 ## - LUGAR ASOCIADO
- Lugar de nacimiento: España, Castilla y León, Salamanca (Provincia), San Felices de los Gallegos
370 ## - LUGAR ASOCIADO
- Lugar de fallecimiento: España, Madrid (Comunidad Autónoma), Alcalá de Henares
373 ## - GRUPO ASOCIADO
- Grupo asociado: Archivo del Reino de Valencia
- Grupo asociado: Archivo General Central (Alcalá de Henares)
- Grupo asociado: Lo Rat Penat (Asociación)
- Grupo asociado: Cuerpo Facultativo de Archiveros, Bibliotecarios y Arqueólogos
374 ## - OCUPACIÓN
- Ocupación: Archiveros
375 ## - GÉNERO/SEXO
- Género: Masculino
377 ## - IDIOMA ASOCIADO
- Código del idioma: spa
- Término de lengua/lenguaje: Español
400 1# - TRAZADO DE VÉASE--NOMBRE DE PERSONA
- Nombre de persona: Velasco Santos, Miguel,
- Fechas asociadas al nombre: 1831-1897
670 ## - FUENTE DE DATOS ENCONTRADOS
- Cita de la fuente: Los estudios históricos : discurso leído en la sesión inaugural del Ateneo de Valencia el 31 de octubre de 1874 por el socio Miguel Velasco y Santos
670 ## - FUENTE DE DATOS ENCONTRADOS
- Cita de la fuente: WWW Diccionario Biográfico RAH, 20-4-2021
- Información encontrada: (Velasco y Santos, Miguel; n. 8-5-1831, San Felices de los Gallegos (Salamanca), – m. 19-1-1897, Alcalá de Henares (Madrid). Archivero, director del Archivo del Reino de Valencia y del Archivo General Central de Alcalá de Henares; miembro de Lo Rat Penat)
- Identificador Uniforme de Recursos: http://dbe.rah.es/biografias/56961/miguel-velasco-y-santos
